000 00608cam a22002293a 4500
001 18317
003 PGUSA
005 20140828083405.0
008 060505s2006||||xxu|||||s|||||000 1 eng d
040 _aPGUSA
_beng
042 _adc
050 4 _aPT
100 1 _aAndersson, Dan,
_d1888-1920
245 1 0 _aDavid Ramms arv
_h[electronic resource] /
_cDan Andersson
260 _bProject Gutenberg,
_c2006
506 _aPublic domain in the USA.
516 _aElectronic text
653 _aFiction
830 0 _aProject Gutenberg
_v18317
856 4 0 _uhttp://www.gutenberg.org/ebooks/18317
942 _cEB
999 _c247572
_d247572